书目信息 |
| 题名: |
价格与税收管理
|
|
| 作者: | 温青山 主编 | |
| 分册: | ||
| 出版信息: | 北京 商务印书馆 2005.12 |
|
| 页数: | 383页 | |
| 开本: | 23cm | |
| 丛书名: | 中国石油财务管理与改革丛书 | |
| 单 册: | ||
| 中图分类: | F812.42 , F724.741 | |
| 科图分类: | ||
| 主题词: | 石油产品--价格--研究--中国 , 石油工业--工业企业--税收管理--研究--中国 | |
| 电子资源: | ||
| ISBN: | 7-100-04604-1 | |
| 000 | 00928nam 2200277 45 | |
| 001 | 192004002453 | |
| 005 | 20070906165314.59 | |
| 010 | @a7-100-04604-1@dCNY40.00 | |
| 100 | @a20070601d2005 ekmy0chiy0121 ea | |
| 101 | 0 | @achi |
| 102 | @aCN@b110000 | |
| 105 | @ay a 000yy | |
| 200 | 1 | @a价格与税收管理@Ajia ge yu shui shou guan li@f温青山主编 |
| 210 | @a北京@c商务印书馆@d2005.12 | |
| 215 | @a383页@d23cm | |
| 225 | 2 | @a中国石油财务管理与改革丛书@Azhong guo shi you cai wu guan li yu gai ge cong shu |
| 320 | @a有书目 | |
| 330 | @a本书分二篇九章, 介绍了国内国外石油产品价格的管理及形成机制, 同时介绍了石油企业的税收管理。 | |
| 410 | 0 | @12001 @a中国石油财务管理与改革丛书 |
| 606 | 0 | @a石油产品@x价格@x研究@y中国 |
| 606 | 0 | @a石油工业@x工业企业@x税收管理@x研究@y中国 |
| 690 | @aF812.42@v4 | |
| 690 | @aF724.741@v4 | |
| 701 | 0 | @a温青山@Awen qing shan@4主编 |
| 801 | 0 | @aCN@c20070906 |
| 905 | @dF724.741@eW623 | |
| 价格与税收管理/温青山主编.-北京:商务印书馆,2005.12 |
| 383页;23cm.-(中国石油财务管理与改革丛书) |
| ISBN 7-100-04604-1:CNY40.00 |
| 本书分二篇九章, 介绍了国内国外石油产品价格的管理及形成机制, 同时介绍了石油企业的税收管理。 |
| ● |
| 相关链接 |
|
|
|
正题名:价格与税收管理
索取号:F724.741/W623
 
预约/预借
| 序号 | 登录号 | 条形码 | 馆藏地/架位号 | 状态 | 备注 |
| 1 | 622049 | 206220490 | 社科库409/409社科库 47排4列3层/ [索取号:F724.741/W623] | 在馆 | |
| 2 | 622050 | 206220506 | 社科库409/409社科库 47排4列3层/ [索取号:F724.741/W623] | 在馆 | |
| 3 | 622051 | 206220515 | 社科二线422/422社科库 37排1列2层/ [索取号:F724.741/W623] | 在馆 |